000 00689nam a2200205Ia 4500
001 5246
003 GE_BSU
008 181216s||||||||xx |||||||||||||| ||und||
040 _cGE_BSU
080 _a51(075.8)
100 _aАндронов, И.К.
245 _aПолвека развития школьного математического образования в СССР.
245 _cРед.А.А.Свечников
260 _aМосква
260 _bПросвещение
260 _c1967
300 _a179 с.22см.
653 _aПолвека развития школьного математическог образования в СССР.о
942 _cBK
999 _c38838
_d38838